National Assembly Library of Thailand

สรุปภาวะเศรษฐกิจภาคตะวันออกเฉียงเหนือในครึ่งแรกของปี 2538 (ระเบียนเลขที่ 35149)

รายละเอียดในรูปแบบ MARC
000 -LEADER
fixed length control field 01430nam a22002297a 4500
005 - DATE AND TIME OF LATEST TRANSACTION
control field 20210325192735.0
008 - FIXED-LENGTH DATA ELEMENTS--GENERAL INFORMATION
fixed length control field s2533 th tha d
041 ## - LANGUAGE CODE
Language code of text/sound track or separate title tha
086 ## - GOVERNMENT DOCUMENT CLASSIFICATION NUMBER
Classification number ธน01 3.1 33093 2533
110 0# - MAIN ENTRY--CORPORATE NAME
Corporate name or jurisdiction name as entry element ธนาคารแห่งประเทศไทย สาขาภาคตะวันออกเฉียงเหนือ
245 10 - TITLE STATEMENT
Title สรุปภาวะเศรษฐกิจภาคตะวันออกเฉียงเหนือในครึ่งแรกของปี 2538
260 3# - PUBLICATION, DISTRIBUTION, ETC.
Name of publisher, distributor, etc. หน่วยวิชาการ ธนาคารแห่งประเทศไทย สาขาภาคตะวันออกเฉียงเหนือ,
Date of publication, distribution, etc. 2533
300 ## - PHYSICAL DESCRIPTION
Extent 1 เล่ม :
Other physical details ตาราง
610 ## - SUBJECT ADDED ENTRY--CORPORATE NAME
Corporate name or jurisdiction name as entry element ธนาคารแห่งประเทศไทย สาขาภาคตะวันออกเฉียงเหนือ
650 04 - SUBJECT ADDED ENTRY--TOPICAL TERM
Topical term or geographic name entry element ไทย(ภาคตะวันออกเฉียงเหนือ) -- ภาวะเศรษฐกิจ -- 2533
650 04 - SUBJECT ADDED ENTRY--TOPICAL TERM
Topical term or geographic name entry element ไทย(ภาคตะวันออกเฉียงเหนือ) -- ภาวะเศรษฐกิจ -- 2533
850 ## - HOLDING INSTITUTION
Holding institution NALT
942 ## - ADDED ENTRY ELEMENTS (KOHA)
Koha item type General Book
997 ## -
-- คัดออก
-- [ตึกวุฒิสภา]
997 ## -
-- 000000000035149
998 ## - LOCAL CONTROL INFORMATION (RLIN)
-- นางชวนพิชญ์ รัตนาไพบูลย์

ไม่มีตัวเล่มให้บริการ

หอสมุดรัฐสภา
สำนักงานเลขาธิการสภาผู้แทนราษฎร เลขที่ 1111 ถนนสามเสน แขวงถนนนครไชยศรี เขตดุสิต กรุงเทพฯ 10300
The Secretariat of the House of Representatives 1111 Samsen Road, Thanon Nakhon Chai Si, Dusit, Bangkok 10300, THAILAND
โทรศัพท์: +66(0) 2242 5900 ต่อ 5714-5 โทรสาร: +66(0) 2242 5990 อีเมล: [email protected]